Verbreitung der spanischen Sprache - Statistiken

Allgemein
  • Dieses Quiz wurde 208 mal gespielt
  • Das Durchschnittsergebnis liegt bei 17 aus 20
Antwortstatistiken
Platz Land Anteil Anzahl % Korrekt
5. Spanien 74% 35.040.000
100%
3. Argentinien 96,8% 43.925.000
97%
1. Mexiko 92,1% 118.747.000
97%
8. Chile 89,7% 17.147.000
94%
2. Kolumbien 99% 50.374.000
94%
7. Venezuela 96,9% 27.554.000
94%
6. Peru 84,1% 27.729.000
90%
18. Paraguay 55,1% 3.930.000
89%
19 Uruguay 95,7% 254.000
89%
14. Bolivien 60,7% 7.086.000
88%
9. Ecuador 93% 16.408.000
87%
10. Kuba 100% 11.327.000
84%
20. Panama 69,2% 234.000
83%
17. Costa Rica 97,5% 4.967.000
80%
11. Guatemala 64,7% 10.907.000
80%
13. Honduras 97,2% 9.627.000
80%
4. Vereinigte Staaten von Amerika 10,7% 35.255.000
79%
15 El Salvador 99% 6.421.000
78%
12. Dominikanische Republik 98% 10.631.000
75%
16. Nicaragua 95,3% 6.313.000
75%
Keine übereinstimmenden Quizze gefunden
Verteilung der Resultate
Anzahl Personen mit jedem Resultat
Perzentil nach korrekt beantworteten Fragen
Ihre Resultats-Entwicklung
Sie haben dieses Quiz noch nicht gespielt